[Event "7th Stage Russian Cup"]
[Site "Togliatty RUS"]
[Date "2001.08.13"]
[Round "6"]
[White "Doroshkievich,V"]
[Black "Yevseev,D"]
[Result "1/2-1/2"]
[WhiteElo "2401"]
[BlackElo "2530"]

1.d4 d5 2.c4 c6 3.e3 Nf6 4.Nc3 e6 5.Nf3 Nbd7 6.Qc2 Bd6 7.Bd3 O-O 8.O-O dxc4
9.Bxc4 a6 10.Rd1 b5 11.Be2 Qc7 12.Ne4 Nxe4 13.Qxe4 Be7 14.Bd2 Bb7 15.Qc2 c5
16.dxc5 Qxc5 17.Qxc5 Nxc5 18.Bb4 Rfc8 19.Rac1 Bf8 20.Ba5 Bd5 21.b3 Nb7 22.Bd2 Ba3
23.Rxc8+ Rxc8 24.Ne1 Nd6 25.f3 f5 26.Bd3 Kf7 27.Kf1 Ke7 28.Nc2 Bc5 29.Nb4 Bb7
30.Bb1 a5  1/2-1/2

[Event "7th Stage Russian Cup"]
[Site "Togliatty RUS"]
[Date "2001.08.13"]
[Round "6"]
[White "Grebionkin,Vl"]
[Black "Rodin,M"]
[Result "1-0"]
[WhiteElo "2465"]
[BlackElo "2387"]

1.d4 d5 2.c4 e6 3.Nf3 Nf6 4.Nc3 c6 5.e3 Nbd7 6.Qc2 Bd6 7.b3 O-O 8.Bd3 e5
9.cxd5 cxd5 10.Nb5 Bb4+ 11.Bd2 Bxd2+ 12.Nxd2 e4 13.Be2 a6 14.Nc7 Ra7 15.Rc1 Qe7
16.g4 h6 17.h4 g5 18.hxg5 hxg5 19.f4 exf3 20.Qf5 Qxe3 21.Qxf3 Qxf3 22.Nxf3 Rd8
23.Nxg5 Nb8 24.Rh8+ Kxh8 25.Nxf7+ Kg7 26.Nxd8 Kg6 27.Nxd5 Nxd5 28.Rxc8 Nd7
29.Bf3 N7f6 30.g5 Nb6 31.gxf6  1-0

[Event "I American Continental"]
[Site "Cali COL"]
[Date "2001.08.14"]
[Round "5"]
[White "Arencibia,W"]
[Black "Lopez,CM"]
[Result "1-0"]
[WhiteElo "2548"]
[BlackElo "2321"]

1.d4 d5 2.c4 c6 3.Nc3 Nf6 4.e3 e6 5.Nf3 Nbd7 6.Bd3 dxc4 7.Bxc4 b5 8.Bd3 Bb7
9.e4 b4 10.Na4 c5 11.e5 Nd5 12.Nxc5 Bxc5 13.dxc5 Nxc5 14.Bb5+ Nd7 15.Ng5 a6
16.Qh5 Qe7 17.Bxd7+ Qxd7 18.O-O h6 19.Re1 O-O 20.Ne4 f5 21.Nd6 f4 22.Bd2 a5
23.Rac1 Ra6 24.Rc5 Kh7 25.Qh3 f3 26.g3 Rc6 27.Rxd5 Rc2 28.Rd1 Rxb2 29.Bxh6  1-0

[Event "I American Continental"]
[Site "Cali COL"]
[Date "2001.08.14"]
[Round "5"]
[White "Beltran,C"]
[Black "Cuartas,J"]
[Result "0-1"]
[WhiteElo "2297"]
[BlackElo "2362"]

1.Nf3 d5 2.d4 Nf6 3.c4 c6 4.Nc3 e6 5.e3 Nbd7 6.cxd5 exd5 7.Be2 Bd6 8.O-O O-O
9.Qc2 Re8 10.a3 Ne4 11.b4 a6 12.Bb2 Ndf6 13.h3 Bf5 14.Rfc1 Qd7 15.Qd1 Re7
16.Na4 Rae8 17.Nc5 Qc8 18.a4 h6 19.b5 axb5 20.axb5 Bxh3 21.gxh3 Qxh3 22.Qf1 Nxf2
23.Ne5 Qg3+ 24.Qg2 Nh3+ 25.Kf1 Qxe3 26.Ra3 Qd2 27.Bf3 Qxg2+ 28.Bxg2 Nf4 29.b6 Bxc5
30.Rxc5 Nd7 31.Rc2 Nxb6 32.Rf3 Nxg2 33.Rxg2 Nc4 34.Bc3 Nxe5 35.dxe5 c5 36.Rgf2 b5  0-1

[Event "7th Stage Russian Cup"]
[Site "Togliatty RUS"]
[Date "2001.08.14"]
[Round "7"]
[White "Najer,E"]
[Black "Shinkevich,V"]
[Result "1-0"]
[WhiteElo "2599"]
[BlackElo "2456"]

1.d4 d5 2.c4 c6 3.Nc3 Nf6 4.Nf3 e6 5.e3 Nbd7 6.Bd3 dxc4 7.Bxc4 b5 8.Bd3 Bb7
9.e4 b4 10.Na4 c5 11.e5 Nd5 12.Ng5 cxd4 13.Nxe6 Qe7 14.Nxf8 Qxe5+ 15.Be2 Rxf8
16.O-O O-O-O 17.Re1 Qf6 18.a3 Kb8 19.axb4 Nxb4 20.Qb3 Qd6 21.Bf4 Qxf4 22.Qxb4 Rc8
23.Bf3 Rc7 24.Ra3 Kc8 25.Bxb7+ Rxb7 26.Rc3+ Rc7 27.g3  1-0

[Event "TCh-Rep. Srpska"]
[Site "Jahorina BIH"]
[Date "2001.08.15"]
[Round "5"]
[White "Drasko,M"]
[Black "Tadic,B"]
[Result "1-0"]
[WhiteElo "2509"]
[BlackElo "2427"]

1.d4 d5 2.c4 c6 3.e3 Nf6 4.Nc3 e6 5.Nf3 Nbd7 6.Qc2 Bd6 7.b3 O-O 8.Be2 e5
9.cxd5 cxd5 10.Nb5 Bb4+ 11.Bd2 Bxd2+ 12.Nxd2 a6 13.dxe5 Nxe5 14.Nd4 Re8 15.O-O Bd7
16.Rac1 Rc8 17.Qb2 Qe7 18.Rxc8 Rxc8 19.Rc1 Rxc1+ 20.Qxc1 Qd6 21.N2f3 Nxf3+
22.Bxf3 h6 23.h3 b6 24.Qd2 a5 25.Ne2 Qc5 26.Nf4 Be6 27.Qb2 Nd7 28.Nh5 f6
29.Nf4 Kf7 30.Qd2 g5 31.Nxd5 Ne5 32.Bh5+ Kg7 33.Nc3 b5 34.Ne2 b4 35.Nd4 Bd7
36.Bd1 Qb6 37.Bc2 Qc5 38.Be4 Kf7 39.Qe2 g4 40.hxg4 Nxg4 41.g3 Qc1+ 42.Kg2 Qc5
43.f3 Ne5 44.Qd2 a4 45.Qc2 Qa5 46.Bf5 Bxf5 47.Nxf5 h5 48.Nd4 Kg7 49.bxa4 Qd5
50.Nf5+ Kf7 51.e4 Qa5 52.f4 Nd7 53.Qc4+ Kf8 54.Qc8+  1-0

[Event "ch-FRA Women"]
[Site "Marsailles FRA"]
[Date "2001.08.15"]
[Round "3"]
[White "Roumegous,M"]
[Black "Flear,C"]
[Result "1/2-1/2"]
[WhiteElo "2239"]
[BlackElo "2146"]

1.d4 d5 2.Nf3 Nf6 3.c4 e6 4.Nc3 c6 5.e3 Nbd7 6.Bd3 dxc4 7.Bxc4 b5 8.Be2 Bb7
9.O-O a6 10.Ne5 c5 11.Bf3 Qc7 12.Bxb7 Qxb7 13.Nxd7 Qxd7 14.Qf3 Rc8 15.Rd1 cxd4
16.Rxd4 Qc7 17.a3 Bd6 18.g3 Be5 19.Rd3 O-O 20.Bd2 Rfd8 21.Rxd8+ Rxd8 22.Rd1 h6
23.Be1 Rxd1 24.Qxd1 Qc5 25.Qd8+ Kh7 26.Qd3+ Kg8 27.Qd8+ Kh7 28.Qd3+ Kg8 29.Qd8+  1/2-1/2

[Event "ch-AUT women"]
[Site "Mureck AUT"]
[Date "2001.08.15"]
[Round "8"]
[White "Unger,E"]
[Black "Hackbarth,C"]
[Result "0-1"]
[WhiteElo "2177"]
[BlackElo "2005"]

1.d4 d5 2.c4 Nf6 3.e3 e6 4.Nc3 c6 5.Nf3 Be7 6.Bd3 O-O 7.O-O Nbd7 8.Qc2 Re8
9.b3 Nf8 10.Bb2 Bd7 11.Rac1 Ng6 12.h3 Rc8 13.Ne5 Bd6 14.f4 c5 15.Qe2 cxd4
16.exd4 Rc7 17.Qf3 dxc4 18.Bxc4 a6 19.Bd3 Bc6 20.Nxc6 Rxc6 21.Ne2 Rc8 22.Qxb7 Rxc1
23.Bxc1 a5 24.Bb2 Nd5 25.f5 Re7 26.Qb5 Ngf4 27.Nxf4 Nxf4 28.fxe6 Rxe6 29.Bc4 Rg6
30.Kh1 Qa8 31.d5 Qd8 32.Bc1 Nh5 33.Re1 Nf6 34.Bd2 h6 35.Bxa5 Qc8 36.Bc3 Rg3
37.Bf1 Rxc3 38.Qe2 Qf5 39.Rd1 Qf4 40.h4 Ne4 41.Rd3 Rxd3  0-1

[Event "7th Stage Russian Cup"]
[Site "Togliatty RUS"]
[Date "2001.08.15"]
[Round "8"]
[White "Ananchenko,I"]
[Black "Rodin,M"]
[Result "1/2-1/2"]
[WhiteElo "2248"]
[BlackElo "2387"]

1.d4 d5 2.c4 e6 3.Nc3 c6 4.e3 Nf6 5.Nf3 Nbd7 6.Qc2 Bd6 7.Be2 O-O 8.O-O dxc4
9.Bxc4 Qe7 10.a3 e5 11.h3 Bc7 12.Bb3 Kh8 13.Bd2 h6 14.Nb5 Bb6 15.Bb4 c5 16.dxc5 Bxc5
17.Rfd1 Bxb4 18.axb4 e4 19.Nfd4 Qxb4 20.Qc7 Qc5 21.Rdc1 Qg5 22.Nd6 Ne5 23.h4 Qg4
24.Nxf7+ Nxf7 25.Bxf7 Qxh4 26.Qe7 Bg4 27.Rxa7 Rac8 28.Rca1 Qg5 29.Qxb7 Rb8
30.Qc7 Bf3 31.Qg3 Qxg3 32.fxg3 Bh5 33.Bxh5 Nxh5 34.g4 Nf6 35.Ne6 Rg8 36.g5 hxg5
37.Rb1 Ng4 38.b4 Rgc8 39.Rc7 Rxc7 40.Nxc7 Nxe3 41.Re1 Nc2 42.Rxe4 Rxb4  1/2-1/2

[Event "TCh-Rep. Srpska"]
[Site "Jahorina BIH"]
[Date "2001.08.16"]
[Round "6"]
[White "Milanovic,D"]
[Black "Lazic,Mi"]
[Result "1/2-1/2"]
[WhiteElo "2424"]
[BlackElo "2465"]

1.d4 d5 2.c4 c6 3.Nf3 e6 4.e3 Nf6 5.Nc3 Nbd7 6.Qc2 Bd6 7.g4 Bb4 8.Bd2 Qe7
9.Rg1 Bxc3 10.Bxc3 Ne4 11.Bd3 Nxc3 12.Qxc3 dxc4 13.Bxc4 O-O 14.O-O-O c5 15.Kb1 a6
16.Bd3 b5 17.Qc2 g6 18.Be4 Ra7 19.g5 Rc7 20.h4 Nb6 21.dxc5 Rxc5 22.Qd3 Bb7
23.Nh2 Bxe4 24.Qxe4 Rc4 25.Rd4 Rd8 26.Ng4 Rdxd4 27.exd4 Nd5 28.Qe5 Qc7 29.Nf6+ Nxf6
30.gxf6 Qd8 31.Rd1 h6 32.h5 g5 33.f4 Qd5 34.b3 Qxe5 35.dxe5 Rxf4 36.Rd8+ Kh7
37.Rf8 Rf5 38.Rxf7+ Kg8 39.Rg7+ Kf8 40.Rg6 Rxe5 41.Rxh6 Kf7 42.Rg6 g4 43.Rxg4 Rxh5
44.Rg7+ Kxf6 45.Ra7 Rc5 46.Rxa6 Kf5 47.Ra5 Ke4 48.a4 Rf5  1/2-1/2

[Event "Rubinstein Open"]
[Site "Polanica Zdroj POL"]
[Date "2001.08.16"]
[Round "1"]
[White "Malakhatko,V"]
[Black "Gralka,J"]
[Result "1-0"]
[WhiteElo "2557"]
[BlackElo "2215"]

1.d4 d5 2.c4 c6 3.Nc3 Nf6 4.e3 e6 5.Nf3 Nbd7 6.Qc2 b6 7.Bd3 Bb7 8.O-O Qc7
9.b3 Be7 10.Bb2 Rd8 11.Rac1 h6 12.Qe2 Qb8 13.e4 dxe4 14.Nxe4 O-O 15.c5 Nxe4
16.Qxe4 Nf6 17.Qe2 Rfe8 18.Rfe1 Bf8 19.a3 g6 20.Ne5 Qc7 21.b4 Nd7 22.Nxf7 Kxf7
23.d5 Nf6 24.d6 Bxd6 25.cxd6 Qxd6 26.Rcd1 Qf4 27.Qc2 Rg8 28.Qe2 Rde8 29.Be5 Qg4
30.f3 Qh4 31.g3 Qh5 32.Bc4 Nd5 33.Rd4 Ke7 34.Rh4 Qg5 35.f4 Qf5 36.Rxh6 Qf7
37.Bd3 Kd8 38.Qc2 Ne7 39.Qa4  1-0

[Event "VI Cup GM"]
[Site "Paks HUN"]
[Date "2001.08.18"]
[Round "1"]
[White "Markus,R"]
[Black "Pataki,G"]
[Result "1-0"]
[WhiteElo "2443"]
[BlackElo "2347"]

1.d4 d5 2.c4 c6 3.Nc3 Nf6 4.e3 e6 5.Nf3 Nbd7 6.Qc2 Bd6 7.Bd3 O-O 8.O-O dxc4
9.Bxc4 Qe7 10.h3 h6 11.Bb3 Re8 12.Bd2 e5 13.Nh4 Nf8 14.Nf5 Bxf5 15.Qxf5 Rad8
16.dxe5 Qxe5 17.Qxe5 Bxe5 18.Rfd1 Ne6 19.Be1 Kf8 20.Bc2 Bc7 21.b4 Rxd1 22.Rxd1 Rd8
23.Rc1 a5 24.b5 c5 25.b6 Bxb6 26.Rb1 Rd6 27.Na4 Bd8 28.Rxb7 Nd5 29.Bb3 Nb4
30.Nb2 Rb6 31.Rd7 Be7 32.Nc4 Ra6 33.a3 a4 34.Bd1 Nc6 35.Bc3 g6 36.Rb7 Bd8
37.f4 Kg8 38.Kf2 Kf8 39.Be2 Ra8 40.Bf3 Ra6 41.Bxc6 Rxc6 42.Rxf7+ Kxf7 43.Ne5+ Kg8
44.Nxc6 Bc7 45.Ke2 c4 46.Ne5 Bxe5 47.Bxe5 Nc5 48.Kf3 Kf7 49.e4 h5 50.g4 hxg4+
51.hxg4 Nb3 52.Ke3 Ke6 53.Bc3 Ke7 54.f5 Kf7 55.e5 gxf5 56.gxf5 Nc5 57.Kd4  1-0

[Event "VI Cup GM"]
[Site "Paks HUN"]
[Date "2001.08.18"]
[Round "1"]
[White "Sundararajan,K"]
[Black "Sprenger,J"]
[Result "1/2-1/2"]
[WhiteElo "2421"]
[BlackElo "2433"]

1.d4 d5 2.c4 c6 3.Nc3 Nf6 4.e3 e6 5.Nf3 Nbd7 6.Bd3 dxc4 7.Bxc4 b5 8.Bd3 a6
9.e4 c5 10.e5 cxd4 11.Nxb5 Nxe5 12.Nxe5 axb5 13.Bxb5+ Bd7 14.Nxd7 Qa5+ 15.Bd2 Qxb5
16.Nxf8 Rxf8 17.a4 Qxb2 18.O-O Ne4 19.Bf4 Nc3 20.Qf3 Ke7 21.Rfe1 Rfd8 22.Be5 d3
23.Bxg7 Ne2+ 24.Rxe2 Qxg7 25.Ree1 Qd4 26.a5 Rd5 27.a6 Ra7 28.g3 d2 29.Red1 Qd3  1/2-1/2

[Event "I American Continental"]
[Site "Cali COL"]
[Date "2001.08.19"]
[Round "10"]
[White "Saladen,R"]
[Black "Echavarria,J"]
[Result "0-1"]
[WhiteElo "2287"]
[BlackElo "2372"]

1.d4 d5 2.Nf3 Nf6 3.c4 c6 4.Nc3 e6 5.e3 Nbd7 6.Bd3 dxc4 7.Bxc4 b5 8.Bd3 a6
9.e4 c5 10.e5 cxd4 11.Nxb5 axb5 12.exf6 gxf6 13.O-O Qb6 14.Qe2 b4 15.Bf4 Bc5
16.Rfc1 h5 17.a4 Kf8 18.Bg3 Kg7 19.Bb5 Ba6 20.Bxa6 Rxa6 21.b3 Raa8 22.Ra2 Qb7
23.Rac2 Qd5 24.Qc4 Qxc4 25.Rxc4 e5 26.Nh4 Ra5 27.Kf1 Re8 28.f3 Kh6 29.Be1 Rb8
30.Ke2 Kg5 31.g3 Kh6 32.Kd3 Kg7 33.h3 Bf8 34.Rc7 Nc5+ 35.Kc2 Ne6 36.Rc4 Rc5
37.Kd3 Rxc4 38.Rxc4 Ng5 39.g4 Nxh3 40.gxh5 Nf4+ 41.Ke4 Nxh5 42.Nf5+ Kg6 43.Bd2 Ng7
44.Nxg7 Bxg7 45.Rxb4 f5+ 46.Kd3 Re8 47.Rb6+ Kh5 48.Rb5 Kh4 49.Rd5 Kg3 50.Ke2 Kg2
51.Rd7 e4 52.fxe4 fxe4 53.Rxf7 d3+ 54.Kd1 Bd4 55.Rd7 Bf2 56.Be1 Bxe1 57.Kxe1 Rc8
58.Kd1 Rb8 59.a5 Rxb3 60.a6 Ra3 61.a7 Kf3 62.Kc1 Ke2 63.Kb2 Ra6 64.Kc3 e3
65.Rxd3 Rxa7 66.Rd8 Rc7+ 67.Kd4 Re7 68.Ra8 Kf2 69.Rf8+ Ke1 70.Kd3 e2 71.Ra8 Kf2  0-1

[Event "Rubinstein Open"]
[Site "Polanica Zdroj POL"]
[Date "2001.08.19"]
[Round "4"]
[White "Knap,J"]
[Black "Lukaszewski,M"]
[Result "0-1"]
[WhiteElo "2022"]
[BlackElo "2196"]

1.d4 Nf6 2.c4 e6 3.Nf3 d5 4.Nc3 c6 5.e3 Nbd7 6.cxd5 exd5 7.Be2 Bd6 8.a3 a5
9.a4 O-O 10.O-O Re8 11.Re1 Nf8 12.Qc2 Ne4 13.Nxe4 dxe4 14.Nd2 Qe7 15.Nc4 Bc7
16.b3 Ng6 17.Ba3 Qg5 18.f4 exf3 19.Bxf3 Nh4 20.Qf2 Re6  0-1

[Event "WJun"]
[Site "Athens GRE"]
[Date "2001.08.20"]
[Round "5"]
[White "Markos,J"]
[Black "Simutowe,A"]
[Result "1/2-1/2"]
[WhiteElo "2479"]
[BlackElo "2462"]

1.d4 d5 2.c4 c6 3.Nc3 Nf6 4.e3 e6 5.Nf3 Nbd7 6.Qc2 Bd6 7.Be2 O-O 8.O-O Re8
9.Rd1 Qe7 10.h3 h6 11.a3 dxc4 12.Bxc4 e5 13.Ba2 e4 14.Nd2 Nb6 15.f3 exf3
16.Nxf3 Nbd5 17.Re1 Bg3 18.Re2 b6 19.Bc4 Bb7 20.Bd2 c5 21.Rf1 a6 22.Ne5 Bxe5
23.dxe5 Qxe5 24.Rf5 Nxc3 25.Bxc3 Qg3 26.Bxf6 Be4 27.Bxf7+ Kh7 28.Qb3 Bxf5
29.Bxe8 Rxe8 30.Qf7 Qg6 31.Qxg6+ Kxg6 32.Bc3  1/2-1/2

[Event "WJun"]
[Site "Athens GRE"]
[Date "2001.08.20"]
[Round "5"]
[White "Roiz,M"]
[Black "Kapnisis,S"]
[Result "1/2-1/2"]
[WhiteElo "2511"]
[BlackElo "2373"]

1.Nf3 d5 2.d4 Nf6 3.c4 e6 4.Nc3 c6 5.e3 Nbd7 6.Qc2 Bd6 7.Bd3 O-O 8.O-O dxc4
9.Bxc4 b5 10.Be2 Bb7 11.Rd1 Qb8 12.a3 a5 13.Rb1 b4 14.Na4 c5 15.dxc5  1/2-1/2

[Event "VI Cup GM"]
[Site "Paks HUN"]
[Date "2001.08.20"]
[Round "3"]
[White "Markus,R"]
[Black "Sammalvuo,T"]
[Result "1/2-1/2"]
[WhiteElo "2443"]
[BlackElo "2420"]

1.d4 d5 2.c4 c6 3.Nc3 Nf6 4.e3 e6 5.Nf3 Nbd7 6.Qc2 Bd6 7.Bd3 O-O 8.O-O dxc4
9.Bxc4 a6 10.Rd1 c5 11.dxc5 Bxc5 12.Ng5 Qc7 13.Nce4 Nxe4 14.Nxe4 Be7 15.Bd2 b5
16.Bd3 Qxc2 17.Bxc2 Nb6  1/2-1/2

[Event "Schneider Bohemia Open"]
[Site "Pilsen CZE"]
[Date "2001.08.21"]
[Round "4"]
[White "Neumann,P"]
[Black "Galicek,S"]
[Result "0-1"]
[WhiteElo "2438"]
[BlackElo "2172"]

1.d4 d5 2.c4 c6 3.Nf3 Nf6 4.Nc3 e6 5.e3 Nbd7 6.Bd3 dxc4 7.Bxc4 b5 8.Bd3 a6
9.e4 c5 10.d5 c4 11.dxe6 fxe6 12.Bc2 Qc7 13.O-O Bb7 14.Qe2 Bc5 15.Be3 O-O
16.Rad1 Rad8 17.Nd4 Rde8 18.a3 Ne5 19.h3 Ng6 20.g3 Bc8 21.Kg2 Bxd4 22.Rxd4 e5
23.Rd2 Qf7 24.Bc5 Nh5 25.Nd5 Rd8 26.Kh2 Bxh3 27.Qxh5 Bxf1 28.Bxf8 Rxf8 29.Qd1 Bd3
30.Bxd3 cxd3 31.Kg1 Kh8 32.Qb3 Ne7 33.Qxd3 Nc6 34.Qe3 Nd4 35.Kg2 Qh5 36.Rd3 Qg4
37.Qd2  0-1

[Event "21st Open"]
[Site "Bratto ITA"]
[Date "2001.08.22"]
[Round "1"]
[White "Rossi,G"]
[Black "Borgo,G"]
[Result "0-1"]
[WhiteElo "2119"]
[BlackElo "2428"]

1.d4 d5 2.c4 e6 3.Nc3 c6 4.e3 Nf6 5.Nf3 Nbd7 6.Qc2 Bd6 7.Be2 dxc4 8.Bxc4 O-O
9.O-O Qe7 10.e4 e5 11.d5 Nb6 12.Bb3 cxd5 13.exd5 Bg4 14.Bg5 Bxf3 15.gxf3 h6
16.Bxf6 Qxf6 17.Qe4 Bc5 18.Rfe1 Bd4 19.Nb5 Bxb2 20.Rab1 Bd4 21.Nxd4 exd4
22.Rbd1 Nc8 23.Rxd4 Nd6 24.Qe5 Rae8  0-1

[Event "10th Open"]
[Site "Kavala GRE"]
[Date "2001.08.22"]
[Round "2"]
[White "Banikas,H"]
[Black "Tzintzios,G"]
[Result "1-0"]
[WhiteElo "2531"]
[BlackElo "2165"]

1.d4 d5 2.c4 c6 3.Nf3 Nf6 4.Nc3 e6 5.e3 Nbd7 6.Qc2 Bd6 7.Bd3 O-O 8.O-O dxc4
9.Bxc4 c5 10.Ne4 Nxe4 11.Qxe4 Nf6 12.Qh4 cxd4 13.exd4 a6 14.Bd3 g6 15.Bg5 Be7
16.Rad1 Bd7 17.d5 Nxd5 18.Bxg6 fxg6 19.Bxe7 Nxe7 20.Ng5 h5 21.Nxe6 Nf5 22.Qxd8 Raxd8
23.Nxd8 Rxd8 24.Rd3 Kf8 25.Rfd1 Ke7 26.Re1+ Kf7 27.h3 Ng7 28.Rf3+ Nf5 29.Rd3 Ng7
30.Rd6 Ne8 31.Rd4 Nf6 32.Red1 Ke7 33.g4 hxg4 34.hxg4 g5 35.Re1+ Kf7 36.Red1 Ke7
37.f4 gxf4 38.Rxf4 Nxg4 39.Re4+ Kf6 40.Rxg4 Bxg4 41.Rxd8 Ke7 42.Rd4 Bd7 43.Kf2 Kd8
44.Ke3 Kc7 45.Re4 Bc6 46.Re5 Kb6 47.Kd4 Bb5 48.Re6+ Bc6 49.Kc4 Kc7 50.Kc5 b6+
51.Kd4 Bd7 52.Rf6 Bc6 53.Ke5 Bg2 54.Rd6 Bf1 55.Rd1 Bg2 56.Ke6 Bf3 57.Rc1+ Kb7
58.Kd6 a5 59.Rc7+ Ka6 60.Rf7 Bg2 61.Kc7 Ka7 62.a3 Be4 63.Rf6 b5 64.Rb6 Bd3
65.Kc6 b4 66.axb4 a4 67.b5 Bc2 68.Kc7  1-0

[Event "VI Cup GM"]
[Site "Paks HUN"]
[Date "2001.08.23"]
[Round "6"]
[White "Pataki,G"]
[Black "Sprenger,J"]
[Result "1/2-1/2"]
[WhiteElo "2347"]
[BlackElo "2433"]

1.d4 d5 2.c4 c6 3.Nc3 Nf6 4.Nf3 e6 5.e3 Nbd7 6.Qc2 Bd6 7.Bd3 O-O 8.O-O e5
9.cxd5 cxd5 10.e4 exd4 11.Nxd5 Nxd5 12.exd5 h6 13.h3 Nf6 14.Qc4 Nxd5 15.Qxd4 Nf6
16.Rd1 Be7 17.Qe5 Bd6 18.Bh7+ Kxh7 19.Rxd6 Qe8 20.Bf4 Qxe5 21.Bxe5 Ne4 22.Rd4 Ng5
23.Nxg5+ hxg5 24.Rc1 f6 25.Bg3 Be6 26.Rc7 Rf7 27.Rxf7  1/2-1/2

[Event "21st Open"]
[Site "Bratto ITA"]
[Date "2001.08.24"]
[Round "3"]
[White "Komarov,D"]
[Black "Maksimovic,S"]
[Result "1-0"]
[WhiteElo "2525"]
[BlackElo "2294"]

1.d4 d5 2.c4 c6 3.Nf3 Nf6 4.Nc3 e6 5.e3 Nbd7 6.Bd3 Bd6 7.e4 dxe4 8.Nxe4 Nxe4
9.Bxe4 Bb4+ 10.Bd2 Bxd2+ 11.Qxd2 O-O 12.O-O-O Qc7 13.Rhe1 c5 14.d5 exd5 15.cxd5 Nf6
16.d6 Qb6 17.Bd5 Bg4 18.h3 Bxf3 19.Bxf3 Qa6 20.Kb1 Rad8 21.Re7 b5 22.d7 c4
23.g4 h6 24.Ka1 Qb6 25.Qd4 Qa5 26.h4 c3 27.Qxc3 b4 28.Qc4 Rb8 29.Bc6  1-0

[Event "Open"]
[Site "Lisbon POR"]
[Date "2001.08.24"]
[Round "4"]
[White "Cano Sanchez,J"]
[Black "Durao,J"]
[Result "1/2-1/2"]
[WhiteElo "2304"]
[BlackElo "2118"]

1.d4 Nf6 2.Nf3 d5 3.c4 c6 4.Nc3 e6 5.e3 Nbd7 6.Bd3 dxc4 7.Bxc4 b5 8.Bd3 a6
9.e4 c5 10.e5 cxd4 11.Nxb5 Ng4 12.Nd6+ Bxd6 13.exd6 Bb7 14.O-O Qb6 15.Be2 Qxd6
16.Qxd4 Qxd4 17.Nxd4 Ngf6 18.Nb3 O-O 19.Na5 Bd5 20.Be3 Rfc8 21.Rfc1 Kf8 22.a3 Ke7
23.b4 Rxc1+ 24.Rxc1 Kd6 25.f3 Ne8 26.Kf2 Nc7 27.Rc2 f6 28.h4 Nb5 29.a4 Nc7
30.Nc4+ Bxc4 31.Bxc4 Rb8 32.Rd2+ Nd5 33.b5 axb5 34.Bxb5 Ra8 35.h5 Nc5 36.Ra2 Nc3
37.Rd2+ Nd5 38.Rd4 e5 39.Rg4 Ra7 40.Bc1 Nc3 41.Be3 Nd1+ 42.Ke2 Nxe3 43.Kxe3 Ne6
44.Rc4  1/2-1/2

[Event "Open"]
[Site "Lisbon POR"]
[Date "2001.08.24"]
[Round "4"]
[White "Akesson,R"]
[Black "Pina,Vl"]
[Result "1/2-1/2"]
[WhiteElo "2481"]
[BlackElo "2167"]

1.d4 d5 2.c4 c6 3.Nc3 Nf6 4.e3 e6 5.Nf3 Bd6 6.Bd3 O-O 7.e4 dxe4 8.Nxe4 Nxe4
9.Bxe4 Bb4+ 10.Bd2 Qa5 11.a3 Bxd2+ 12.Qxd2 Qxd2+ 13.Kxd2 Rd8 14.Kc3 Na6 15.b4 Nc7
16.a4 a6 17.Ne5 Rb8 18.f4 Bd7 19.a5 Be8 20.Nd3 f6 21.Nc5 Bf7 22.g4 Re8 23.Rae1 Re7
24.Bd3 Ne8 25.Re3 Nd6 26.Rhe1 Rbe8 27.g5 fxg5 28.fxg5 g6 29.Re5 Kf8 30.Be2 Nf5
31.Bg4 Ng7 32.Ne4 Rd8 33.Nf6 Nf5 34.Bxf5 gxf5 35.Nxh7+ Kg7 36.Nf6 Rh8 37.Kb3 Rc7
38.R1e2 Kg6 39.Rg2 Rh3+ 40.Kc2 Rc8 41.Ree2 Rd8 42.Rd2 Kg7 43.Rge2 Kg6 44.Rg2  1/2-1/2

[Event "Schneider Bohemia Open"]
[Site "Pilsen CZE"]
[Date "2001.08.24"]
[Round "7"]
[White "Pospisil,E"]
[Black "Vales,V"]
[Result "0-1"]
[WhiteElo "2116"]
[BlackElo "2159"]

1.d4 d5 2.c4 c6 3.Nc3 Nf6 4.Nf3 e6 5.e3 Nbd7 6.Qc2 Bd6 7.b3 O-O 8.Bb2 Qe7
9.Bd3 Re8 10.O-O dxc4 11.bxc4 e5 12.Nd2 Nf8 13.Nce4 Nxe4 14.Nxe4 Bf5 15.Nxd6 Bxd3
16.Qxd3 Qxd6 17.Rfd1 Rad8 18.Qc3 c5 19.Qa5 exd4 20.exd4 Re2 21.Rab1 b6 22.Qxa7 cxd4
23.Bxd4 Re4 24.Rxb6 Qxd4 25.Rf1 Qxc4 26.Rb7 Qxf1+  0-1

[Event "Rubinstein Open"]
[Site "Polanica Zdroj POL"]
[Date "2001.08.24"]
[Round "9"]
[White "Kempinski,R"]
[Black "Grabarczyk,B"]
[Result "1-0"]
[WhiteElo "2595"]
[BlackElo "2439"]

1.d4 d5 2.c4 c6 3.Nf3 Nf6 4.Nc3 e6 5.e3 Nbd7 6.Qc2 a6 7.Bd3 dxc4 8.Bxc4 b5
9.Be2 c5 10.a4 b4 11.Ne4 Bb7 12.Nxf6+ Nxf6 13.a5 Be7 14.dxc5 Rc8 15.Qa4+ Qd7
16.Qxb4 Rxc5 17.Qb3 Bd5 18.Qd3 O-O 19.O-O Ra8 20.Bd2 Qb7 21.Bc3 Bc4 22.Qd1 Bb3
23.Qd4 Rd8 24.Qb4 Rb5 25.Qh4 Ne4 26.Qg4 Nxc3 27.bxc3 Rc5 28.Rab1 Rxc3 29.Nd4 Bf6
30.Bf3 Qb4 31.Nxb3  1-0

[Event "zt 2.5"]
[Site "Mar del Plata ARG"]
[Date "2001.08.25"]
[Round "7"]
[White "Fiorito,F"]
[Black "Kanefsck,G"]
[Result "1/2-1/2"]
[WhiteElo "2386"]
[BlackElo "2396"]

1.d4 d5 2.c4 c6 3.Nc3 Nf6 4.e3 e6 5.Nf3 Nbd7 6.Bd3 dxc4 7.Bxc4 b5 8.Bd3 a6
9.e4 c5 10.d5 c4 11.Bc2 e5 12.O-O Bd6 13.Qe2 O-O 14.Bg5 h6 15.Bd2 Nh5 16.g3 Nhf6
17.Nd1 Rb8 18.b3 cxb3 19.axb3 Nc5 20.b4 Ncd7 21.Ne3 Nb6 22.Nh4 g6 23.Bd3 Qe7
24.Rfb1 Na4 25.Kg2 Kg7 26.h3 Bd7 27.g4  1/2-1/2

[Event "Schneider Bohemia Open"]
[Site "Pilsen CZE"]
[Date "2001.08.25"]
[Round "8"]
[White "Trichkov,V"]
[Black "Tolstikh,N"]
[Result "0-1"]
[WhiteElo "2313"]
[BlackElo "2436"]

1.d4 d5 2.c4 c6 3.Nf3 Nf6 4.Nc3 e6 5.e3 Nbd7 6.Qc2 Bd6 7.Bd3 O-O 8.e4 dxc4
9.Bxc4 e5 10.O-O exd4 11.Nxd4 Nb6 12.Bb3 Bxh2+ 13.Kxh2 Qxd4 14.Bf4 Ng4+ 15.Kg1 Qf6
16.Bg3 Be6 17.Rad1 Rad8 18.Rfe1 Qg6 19.Bxe6 Qxe6 20.f3 Ne5 21.b3 Qe7 22.Ne2 h5
23.Qc3 Rxd1 24.Rxd1 Re8 25.Qa5 h4 26.Bxe5 Qxe5 27.Qxa7 Qc5+ 28.Kf1 h3 29.gxh3 Qe3
30.Ng1 Ra8 31.Qxb7 Rxa2 32.Qb8+ Kh7 33.Qg3 g6 34.Qe1 Qxb3 35.Rd2 Qb5+ 36.Kf2 Ra3
37.Kg2 Qg5+ 38.Kh1 Nc4 39.Rg2 Qf6 40.Rg4 Ra1 41.Qh4+ Qxh4 42.Rxh4+ Kg7 43.Rg4 Ne3
44.Rg5 Rc1 45.Ra5 Rc2 46.Ra1 Ng2 47.e5 c5 48.Ra6 Nf4 49.Rf6 Nh5  0-1

[Event "Open"]
[Site "Lisbon POR"]
[Date "2001.08.26"]
[Round "6"]
[White "Blalock,R"]
[Black "Asensio Soto,F"]
[Result "1/2-1/2"]
[WhiteElo "2241"]
[BlackElo "2112"]

1.d4 d5 2.c4 e6 3.Nc3 c6 4.e3 Nf6 5.Nf3 Nbd7 6.Bd3 Bd6 7.e4 dxe4 8.Nxe4 Nxe4
9.Bxe4 O-O 10.O-O h6 11.Bc2 e5 12.Qd3 f5 13.dxe5 Nxe5 14.Qc3 Qc7 15.h3 Be6
16.b3 b5 17.Nd4 Bd7 18.c5 Be7 19.Bf4 Rae8 20.Ne6 Bxe6 21.Bxe5 Bf6 22.Bxf6 Rxf6
23.Rfe1 Ref8 24.Re5 b4 25.Qe3 f4 26.Qe4 Bf5 27.Rxf5 Rxf5 28.Qe6+ R5f7 29.Bg6 Kh8
30.Bxf7 Rxf7 31.Re1 f3 32.g3 Qd7 33.Qxd7 Rxd7 34.Re3 Rd1+ 35.Kh2 Rd2 36.Rxf3 Rxa2
37.Kg2 Rc2 38.Rf8+ Kh7 39.Ra8 Rxc5 40.Rxa7 Rc3 41.Rc7 Kg6 42.f4 Kf5 43.Rf7+ Ke4
44.Re7+ Kd5 45.Rd7+ Ke6 46.Rxg7 Rxb3 47.Rg6+ Kd5 48.f5 Rc3 49.Rxh6 b3 50.Rh8 c5
51.Rd8+ Ke4 52.Re8+ Kxf5 53.Re1 b2 54.Rb1 Rc2+ 55.Kf3 Rc3+ 56.Kf2 Rb3 57.Ke1 Ke4
58.Kd2 Rxg3 59.Rxb2 Rxh3 60.Rb6 Kd5 61.Kc2 c4 62.Rg6 Kd4  1/2-1/2

[Event "Schneider Bohemia Open"]
[Site "Pilsen CZE"]
[Date "2001.08.26"]
[Round "9"]
[White "Lys,J"]
[Black "Galicek,S"]
[Result "1-0"]
[WhiteElo "2353"]
[BlackElo "2172"]

1.d4 d5 2.c4 c6 3.Nc3 Nf6 4.Nf3 e6 5.e3 Nbd7 6.a3 Bd6 7.Be2 O-O 8.b4 Ne4
9.Nxe4 dxe4 10.Nd2 f5 11.Qb3 Kh8 12.c5 Bc7 13.Nc4 Nf6 14.Ne5 Nd5 15.O-O Bd7
16.f3 exf3 17.Rxf3 Bxe5 18.dxe5 Qe7 19.Bd2 Be8 20.Rg3 Bg6 21.Rf1 Rad8 22.e4 f4
23.Rxg6 Nc7 24.Rg4 Rxd2 25.Rgxf4 Rxf4 26.Rxf4 h6 27.Qe3 Qd7 28.h3 Nb5 29.Bh5 Qd4
30.Qxd4 Nxd4 31.Rf7 Kh7 32.Rxb7 Nc2 33.Rxa7  1-0

[Event "21st Open"]
[Site "Bratto ITA"]
[Date "2001.08.27"]
[Round "6"]
[White "De Santis,A"]
[Black "Khenkin,I"]
[Result "0-1"]
[WhiteElo "2353"]
[BlackElo "2579"]

1.d4 d5 2.c4 c6 3.Nc3 e6 4.e3 Nf6 5.Nf3 Nbd7 6.cxd5 exd5 7.Bd3 Bd6 8.Qc2 O-O
9.h3 Re8 10.g4 Qe7 11.b3 b5 12.Bb2 Bb7 13.g5 Ne4 14.Bxe4 dxe4 15.Nd2 c5 16.Nxb5 cxd4
17.Nxd6 Qxd6 18.Bxd4 Ne5 19.Qc3 Nd3+ 20.Kf1 Ba6 21.Nc4 Bxc4 22.bxc4 Rab8
23.c5 Qg6 24.Rh2 Rec8 25.h4 Rc6 26.f4 Qh5 27.Qa5 a6 28.Kg1 Rbc8 29.Rb1 h6
30.Rg2 Qxh4 31.gxh6 Rxh6 32.Kf1 Qh1+ 33.Rg1 Qf3+  0-1

[Event "Ron Banwell Masters"]
[Site "London ENG"]
[Date "2001.08.27"]
[Round "10"]
[White "Batyrov,S"]
[Black "Maduekwe,C"]
[Result "1-0"]
[WhiteElo "2402"]
[BlackElo "2145"]

1.d4 d5 2.Nf3 Nf6 3.c4 e6 4.Nc3 c6 5.e3 Nbd7 6.Bd3 Bd6 7.O-O O-O 8.e4 dxe4
9.Nxe4 Nxe4 10.Bxe4 Nf6 11.Bg5 h6 12.Bxf6 Qxf6 13.Re1 c5 14.dxc5 Bxc5 15.Qb3 Rb8
16.Qb5 b6 17.b4 a6 18.Qa4 Bd6 19.Rad1 e5 20.h3 b5 21.cxb5 Rxb5 22.a3 Rb6
23.Nd2 Bb8 24.Nc4 Rb5 25.Re3 Qe6 26.Qb3 Ba7 27.Rd6 Qe7 28.Rg3 Kh8 29.Bb1 Bd4
30.Qd3 f5 31.Rgg6 Qh4 32.Qd2 Bxf2+ 33.Qxf2 Qxc4 34.Qd2 Qf4 35.Qxf4 exf4 36.Bd3 Re5
37.Bxa6 Bxa6 38.Rxa6 Re3 39.Ra7 Rg3 40.Raxg7  1-0